000 00506nam a22002057a 4500
003 LK-CoDNM
005 20250117150103.0
008 250110b |||||||| |||| 00| 0 eng d
040 _aLK-CoDNM
_dLK-CoDNM
_eLK-CoDNM
041 _aeng
080 _a11
_bH5
100 _aBUTLER,SAMEL
245 _aCEYLON PRODUCE SALES LIST
_bNos.28
260 _c1898
_aCOLOMBO
_bCHATTO&WINDUS
300 _aXIV,22P. : ill ; 25 cm
490 _vVOLL 9
650 _aScience
700 _aBamber,MK
942 _cBK
999 _c236894
_d236894